Freedom from the known / (Record no. 56903)
[ view plain ]
| 000 -LEADER | |
|---|---|
| fixed length control field | 00720nam a2200253 a 4500 |
| 001 - CONTROL NUMBER | |
| control field | 56903 |
| 003 - CONTROL NUMBER IDENTIFIER | |
| rucl marc code | BD-RjUL |
| 005 - DATE AND TIME OF LATEST TRANSACTION | |
| control field | 20211209080440.0 |
| 008 - FIXED-LENGTH DATA ELEMENTS--GENERAL INFORMATION | |
| fixed length control field | 161204s2004 ii 000 0 eng |
| 020 ## - INTERNATIONAL STANDARD BOOK NUMBER | |
| International Standard Book Number | 8187326069 |
| International Standard Book Number | 8187326522 |
| 035 ## - SYSTEM CONTROL NUMBER | |
| System control number | (BD-RjUL)57027 |
| 040 ## - CATALOGING SOURCE | |
| Original cataloging agency | DLC |
| Transcribing agency | DLC |
| Modifying agency | BD-RjUL |
| Language of cataloging | eng |
| 041 ## - LANGUAGE CODE | |
| Language code of text/sound track or separate title | eng |
| 082 00 - DEWEY DECIMAL CLASSIFICATION NUMBER | |
| Classification number | 126 |
| Edition number | 23 |
| Author mark and year | KRF 2004 |
| 100 1# - MAIN ENTRY--PERSONAL NAME | |
| Personal name | Krishnamurti, J. |
| Fuller form of name | (Jiddu), |
| Dates associated with a name | 1895-1986. |
| 9 (RLIN) | 169112 |
| 245 10 - TITLE STATEMENT | |
| Title | Freedom from the known / |
| Statement of responsibility, etc. | J. Krishnamurti, Mary Lutyens |
| 250 ## - EDITION STATEMENT | |
| Edition statement | Hard-bound ed. |
| 260 ## - PUBLICATION, DISTRIBUTION, ETC. (IMPRINT) | |
| Place of publication, distribution, etc. | India : |
| Name of publisher, distributor, etc. | Krishnamurti Foundation, |
| Date of publication, distribution, etc. | 2003 [ Reprinted 2004] |
| 300 ## - PHYSICAL DESCRIPTION | |
| Pagination | 172 p. ; |
| Size | 22 cm. |
| 650 #0 - SUBJECT ADDED ENTRY--TOPICAL TERM | |
| Topical term or geographic name as entry element | Self |
| 9 (RLIN) | 169155 |
| 700 ## - ADDED ENTRY--PERSONAL NAME | |
| Personal name | Lutyens, Mary |
| 942 ## - ADDED ENTRY ELEMENTS (KOHA) | |
| Source of classification or shelving scheme | Dewey Decimal Classification |
| Koha item type | Books |
| Lost status | Source of classification or shelving scheme | Damaged status | Not for loan | Collection code | Permanent Location | Current Location | Shelving location | Date acquired | Total Checkouts | Full call number | Date last seen | Copy number | Koha item type |
|---|---|---|---|---|---|---|---|---|---|---|---|---|---|
| Dewey Decimal Classification | Not For Loan | Non-fiction | Central Library, University of Rajshahi | Central Library, University of Rajshahi | Reading Room | 10/06/2007 | 126 KRF 2004 | 04/12/2016 | C-1 | Books |